[Event "Moscow PCA-Intel qual"]
[Site "Moscow"]
[Date "1995.??.??"]
[Round "5"]
[White "Gulko, Boris F"]
[Black "Sveshnikov, Evgeny"]
[Result "1/2-1/2"]
[WhiteElo "2595"]
[BlackElo "2560"]

1.Nf3 d5 2.g3 c6 3.Bg2 Nf6 4.O-O Bf5 5.b3 e6 6.Bb2 Bd6 7.d3 Qe7 8.Nbd2 Ba3
9.Qc1 Bxb2 10.Qxb2 O-O 11.c4 Nbd7 12.Rac1 Rac8 13.cxd5 cxd5 14.Rc2 Rxc2 15.Qxc2 Nb6
16.Rc1 Rc8 17.Qb2 Rxc1+ 18.Qxc1 Ne8 19.h3 e5 20.Qc3 e4 21.Nh4 Bd7 22.dxe4 dxe4
23.Bxe4 Bxh3 24.Qe3 Kf8 25.Qf3 Nf6 26.Bf5 Bxf5 27.Nxf5 Qd7 28.Qf4 g6 29.Qd6+ Qxd6
30.Nxd6 Nbd5 31.e4 Nc3 32.a4 b6 33.f3 Nd7 34.Kf2 h5 35.f4 a6 36.Ke3  1/2-1/2

[Event "Moscow op"]
[Site "Moscow"]
[Date "1995.??.??"]
[Round "6"]
[White "Lastin, Alexander"]
[Black "Bezgodov, Alexei"]
[Result "1/2-1/2"]
[WhiteElo "2405"]
[BlackElo "2455"]

1.Nf3 d5 2.g3 Bg4 3.Bg2 c6 4.d3 Nd7 5.Nbd2 e5 6.e4 Bd6 7.O-O Ngf6 8.h3 Bh5
9.c3 O-O 10.Qc2 Rc8 11.a4 Bb8 12.b3 Re8 13.Ba3 Nf8 14.Rfe1 Qd7 15.Nh4 Rcd8
16.Nf1 a6 17.Nf5 Bg6 18.Nh4 Bh5 19.Nf5 Ba7 20.Ra2 Qc7 21.Nh2 Ne6 22.Nf3 Nc5
23.exd5 cxd5 24.g4 Bg6 25.Bxc5 Bxc5 26.d4 e4 27.dxc5 Bxf5 28.gxf5 exf3 29.Rxe8+ Rxe8
30.Bxf3 Qxc5 31.Qd3 h6 32.Kg2 Re5 33.Rd2 Qc8 34.c4 Rxf5 35.cxd5 Rg5+ 36.Kh2 Qc5
37.Qe3 Qd6+ 38.Kh1 g6 39.Qd4 a5 40.Re2 Rf5 41.Bg2 Kf8  1/2-1/2

[Event "Moscow op"]
[Site "Moscow"]
[Date "1995.??.??"]
[Round "6"]
[White "Krasnov, Sergey"]
[Black "Zarubin, Pavel"]
[Result "0-1"]
[WhiteElo "2360"]
[BlackElo "2425"]

1.Nf3 d5 2.g3 c6 3.Bg2 Bg4 4.O-O Nd7 5.d3 e5 6.e4 dxe4 7.dxe4 Ngf6 8.Qe2 Bc5
9.Nbd2 O-O 10.Nc4 Bh5 11.a4 a5 12.Bd2 Bb4 13.c3 Bc5 14.h3 Re8 15.Rfd1 Qc7
16.g4 Bg6 17.Nh4 Nf8 18.Nf5 Ne6 19.Qf3 Rad8 20.Nxa5 Qxa5 21.b4 Qc7 22.bxc5 Nxc5
23.Qe3 Nb3 24.Rab1 Nxd2 25.Rxd2 Rxd2 26.Qxd2 Bxf5 27.exf5 Nd7 28.g5 Nc5 29.Re1 Nxa4
30.g6 Nc5 31.gxh7+ Kxh7 32.f6 gxf6 33.Qe2 Kg7 34.Kh1 Rh8 35.Qg4+ Kf8 36.Ra1 Ke7
37.Qb4 b6 38.f4 Rh4 39.Re1 Kf8 40.Qa3 Rxf4 41.Qa8+ Ke7 42.Ra1 Nd7 43.Bxc6 Rc4
44.Bb5 Rxc3 45.Rd1 Rxh3+ 46.Kg2 Qc2+ 47.Kxh3 Qxd1 48.Qa3+ Qd6 49.Qa7 Qd4
50.Qc7 Qd6 51.Qa7 Qd5 52.Qa3+ Nc5 53.Kg4 f5+ 54.Kxf5 Qe4+ 55.Kg5 Qf4+ 56.Kh5 Kf8  0-1

[Event "Moscow-ch op"]
[Site "Moscow"]
[Date "1995.??.??"]
[Round "8"]
[White "Gelman, Alexander"]
[Black "Shipov, Sergei"]
[Result "1/2-1/2"]
[WhiteElo "2375"]
[BlackElo "2510"]

1.g3 d5 2.Nf3 Bg4 3.Bg2 Nd7 4.c4 c6 5.cxd5 cxd5 6.Qa4 Bxf3 7.Bxf3 e6 8.O-O Nf6
9.Nc3 Be7 10.d4 O-O 11.Bf4 Qb6 12.Rfc1 Rac8 13.Nd1 a6 14.e3 h6 15.h4 Bd6
16.Bxd6 Qxd6 17.Qa5 Rc6 18.Rc3 Rfc8 19.Rac1 Rxc3 20.Rxc3 Rxc3 21.Nxc3 Qb6
22.Qa3 g6 23.Kg2 Kg7 24.Be2 Qc6 25.Qb4 Qb6 26.Qa4 Qc6 27.Qb4 Qb6 28.Qxb6 Nxb6
29.b3 Kf8 30.f3 Ke7 31.e4 dxe4 32.fxe4 e5 33.dxe5 Nfd7 34.Kf2 Nxe5 35.Ke3 Kd6
36.a3 a5 37.Bb5 Na8 38.Nd5 Nc7 39.Nxc7 Kxc7 40.Kd4 Kd6 41.Be8 f6 42.h5 g5
43.b4 axb4 44.axb4 Ng4 45.Ba4 b6 46.Be8 Nh2 47.Bb5 Nf3+ 48.Ke3 Ne5  1/2-1/2

[Event "Moscow-ch op"]
[Site "Moscow"]
[Date "1995.??.??"]
[Round "8"]
[White "Potapenko, A."]
[Black "Izmukhambetov, Salauat"]
[Result "1-0"]
[WhiteElo "2280"]
[BlackElo "2435"]

1.Nf3 d5 2.g3 c6 3.Bg2 Bg4 4.O-O Nd7 5.d3 e6 6.Nbd2 Bd6 7.c4 Ne7 8.b3 O-O
9.Bb2 a5 10.a3 Re8 11.h3 Bh5 12.g4 Bg6 13.e4 e5 14.Nh4 d4 15.Nf5 Nc5 16.Qc2 Ne6
17.Nf3 f6 18.Bc1 c5 19.Bd2 Nc6 20.Rab1 Kf7 21.h4 Kg8 22.Bh3 Bf7 23.Kh2 Nf4
24.Bxf4 exf4 25.g5 Bh5 26.Bg2 Bc7 27.Kg1 g6 28.Nh6+ Kg7 29.b4 axb4 30.axb4 Nxb4
31.Rxb4 cxb4 32.Qb2 Qd6 33.c5 Qxc5 34.Rc1 Qd6 35.Qxd4 Rf8 36.e5 fxe5 37.Rxc7+ Qxc7
38.Nxe5 f3 39.Bh3 Rf4 40.Qxf4  1-0

[Event "Moscow-ch op"]
[Site "Moscow"]
[Date "1995.??.??"]
[Round "9"]
[White "Zhelesny, Stanislav"]
[Black "Mitbreit, Dmitry"]
[Result "0-1"]
[WhiteElo "2215"]
[BlackElo "2320"]

1.Nf3 d5 2.g3 c6 3.Bg2 Bg4 4.h3 Bxf3 5.Bxf3 Nd7 6.d4 e5 7.dxe5 Nxe5 8.Bg2 Nf6
9.b3 Bb4+ 10.c3 Bd6 11.Nd2 O-O 12.O-O Qb6 13.Nc4 Nxc4 14.bxc4 Be5 15.cxd5 Bxc3
16.Be3 Qa5 17.Rb1 Nxd5 18.Bxd5 cxd5 19.Rxb7 Qxa2 20.Qd3 Bf6 21.Rfb1 a5 22.R1b6 a4
23.Ra6 Qc4 24.Rba7 Rxa7 25.Rxa7 Bb2 26.Bf4 h6  0-1

[Event "Moscow PCA-Intel qual"]
[Site "Moscow"]
[Date "1995.??.??"]
[Round "9"]
[White "Kuporosov, Viktor"]
[Black "Filipenko, Alexander V"]
[Result "1/2-1/2"]
[WhiteElo "2500"]
[BlackElo "2425"]

1.Nf3 d5 2.g3 c6 3.b3 Bf5 4.Bg2 e6 5.Bb2 Nf6 6.c4 Be7 7.O-O O-O 8.d3 h6 9.Nbd2 Nbd7
10.Qc2 a5 11.a3 Bh7 12.Bc3 b5 13.cxb5 cxb5 14.Qb2 b4 15.axb4 axb4 16.Bd4 Ra3
17.Ne5 Nxe5 18.Bxe5 Qa5 19.Rfd1 Ra8 20.Rac1 Ne8 21.Qc2 Bg6 22.h3 Bg5 23.f4 Be7
24.Kh2 Nd6 25.Bxd6 Bxd6 26.e4 Ra2 27.Qc6 Bf8 28.exd5 exd5 29.Bxd5 Rd8 30.Bg2 Bxd3
31.Nc4 Bxc4 32.Rxd8 Qxd8 33.Rxc4 Qd3 34.Qe8 Qd2 35.Qe4 Qe2  1/2-1/2

[Event "Moscow-ch op"]
[Site "Moscow"]
[Date "1995.??.??"]
[Round "11"]
[White "Gelman, Alexander"]
[Black "Mitbreit, Dmitry"]
[Result "1/2-1/2"]
[WhiteElo "2375"]
[BlackElo "2320"]

1.g3 d5 2.Nf3 c6 3.Bg2 Bg4 4.c4 e6 5.cxd5 exd5 6.O-O Nd7 7.d3 Ngf6 8.h3 Bh5
9.Qc2 Be7 10.Nc3 O-O 11.e4 Nc5 12.g4 dxe4 13.dxe4 Bg6 14.Ne5 Re8 15.Be3 Bf8
16.Rad1 Qc7 17.f4 Rxe5 18.fxe5 Qxe5 19.Bd4 Qg5 20.Qf2 Nfd7 21.Ne2 a5 22.Ng3 Re8
23.Kh1 Kh8 24.Rfe1 b6 25.Nf5 Ne5 26.Qg3 Ncd7 27.Bc3 h5 28.gxh5 Qxh5 29.Rd2 f6
30.Red1 Nc5 31.Rd8 Rxd8 32.Rxd8 Ne6 33.Rc8 Bxf5 34.exf5 Qxf5 35.Bxe5 fxe5
36.Qh4+ Kg8 37.Qc4 b5 38.Qxc6 Nf4 39.Rb8 Ne2 40.Qf3 Qb1+ 41.Bf1 Nf4 42.Rxb5 Bd6
43.Kg1 e4 44.Qb3+ Kh7 45.Kf2 Qc1 46.Qc3 Qd1 47.Rg5 Ne6 48.Rg4 Qd5 49.Bg2 Bc5+
50.Ke2  1/2-1/2

[Event "Mravinci-A"]
[Site "Mravinci"]
[Date "1995.??.??"]
[Round "?"]
[White "Dizdarevic, Emir"]
[Black "Zaja, Ivan"]
[Result "1/2-1/2"]
[WhiteElo "2465"]
[BlackElo "2395"]

1.Nf3 d5 2.g3 c6 3.Bg2 Bg4 4.O-O Nd7 5.d4 e6 6.Nbd2 Ngf6 7.Re1 Be7 8.e4 O-O
9.c3 a5 10.a4 c5 11.exd5 Nxd5 12.Nc4 Bf6 13.Ne3 Nxe3 14.Bxe3 cxd4 15.cxd4 Nb6  1/2-1/2

[Event "Mravinci-A"]
[Site "Mravinci"]
[Date "1995.??.??"]
[Round "?"]
[White "Sale, Srdjan"]
[Black "Roschina, Tatiana"]
[Result "1-0"]
[WhiteElo "2390"]
[BlackElo "2190"]

1.Nf3 d5 2.g3 Bg4 3.Bg2 Nd7 4.c4 e6 5.cxd5 exd5 6.Nc3 c6 7.O-O Ngf6 8.d3 Bd6
9.h3 Bh5 10.Qc2 O-O 11.e4 Bxf3 12.Bxf3 Qc7 13.Bg2 Rfe8 14.b3 h6 15.Bb2 Bf8
16.Nxd5 Nxd5 17.exd5 c5 18.d4 Rac8 19.dxc5 Bxc5 20.Rac1 Qb8 21.Qf5 Re7 22.Qg4 Ne5
23.Qf5 Nd7 24.d6 Bxd6 25.Rxc8+ Qxc8 26.Rc1 Qb8 27.Bd5 Nb6 28.Be4 f6 29.Qh7+ Kf8
30.Bg6 Rf7 31.Re1  1-0

[Event "Namses op"]
[Site "Namses"]
[Date "1995.??.??"]
[Round "?"]
[White "Gausel, Einar"]
[Black "Haugli, Petter"]
[Result "1-0"]
[WhiteElo "2490"]
[BlackElo "2415"]

1.Nf3 d5 2.g3 c6 3.Bg2 Bg4 4.O-O Nd7 5.d3 e6 6.c4 Bd6 7.Nc3 Ne7 8.h3 Bxf3
9.exf3 O-O 10.Bg5 Qb6 11.Bxe7 Bxe7 12.Qc2 Bf6 13.f4 Rfd8 14.Rab1 a5 15.f5 exf5
16.cxd5 f4 17.dxc6 bxc6 18.gxf4 Bxc3 19.bxc3 Qc7 20.Rfe1 Rac8 21.f5 Nf6 22.Re3 Nd5
23.Rg3 Nf4 24.Be4 Rd6 25.Qd1 Rh6 26.Qg4 Nh5 27.f6 g6 28.Rf3  1-0

[Event "New Castle schev"]
[Site "New Castle on Tyne"]
[Date "1995.??.??"]
[Round "4"]
[White "Ledger, David"]
[Black "Crouch, Colin S"]
[Result "1-0"]
[WhiteElo "2295"]
[BlackElo "2405"]

1.Nf3 d5 2.g3 Nf6 3.Bg2 c6 4.O-O Bg4 5.d3 Nbd7 6.h3 Bxf3 7.Bxf3 g6 8.e4 dxe4
9.dxe4 Ne5 10.Bg2 Qxd1 11.Rxd1 Bg7 12.Na3 Ned7 13.Be3 Nb6 14.Rd3 Nfd7 15.Rb1 O-O-O
16.b3 Be5 17.c4 Nb8 18.Rxd8+ Rxd8 19.c5 Na8 20.b4 Nc7 21.Nc4 Bd4 22.Nd6+ exd6
23.Bxd4 dxc5 24.Bxc5 Nb5 25.Bf1 b6 26.Bxb5 cxb5 27.Be3 Nc6 28.Kg2 Rd3 29.Rb2 Rc3
30.Bd2 Rc4 31.f3 Ne5 32.g4 Kd7 33.Kg3 Ke6 34.h4 Rc8 35.Bf4 Nc4 36.Rc2 Rd8
37.a4 a6 38.axb5 axb5 39.Ra2 Rd3 40.Ra8 Rb3 41.Re8+ Kd7 42.Rh8 Rxb4 43.Rxh7 Ke6
44.h5 Rb1 45.Rh8 b4 46.Rc8 b3 47.Rxc4 b2 48.Rc6+ Kd7 49.Rxb6 Rg1+ 50.Kh2 b1=Q
51.Rxb1 Rxb1 52.h6 Rb2+ 53.Kh3  1-0

[Event "New York Marshall-qual"]
[Site "New York"]
[Date "1995.??.??"]
[Round "3"]
[White "Vulicevic, Nenad"]
[Black "Hunt, Harriet"]
[Result "1/2-1/2"]
[WhiteElo "2295"]
[BlackElo "2265"]

1.Nf3 d5 2.g3 Nf6 3.Bg2 c5 4.c4 e6 5.O-O Nc6 6.cxd5 Nxd5 7.Nc3 Nxc3 8.bxc3 Be7
9.Rb1 O-O 10.d4 Qa5 11.Qc2 Rd8 12.Bd2 Qa6 13.Bg5 f6 14.Be3 Na5 15.dxc5 Nc4
16.Bc1 Bxc5 17.Nd4 Bxd4 18.cxd4 Rxd4 19.Rd1 Rxd1+ 20.Qxd1 Qd6 21.Qa4 Nb6
22.Qb3 Bd7 23.Bxb7 Ba4 24.Bf4 Qd7 25.Qf3 Rd8 26.Be3 Nc4 27.Be4 f5 28.Bd3 Bc6
29.Qf4 Qd5 30.f3 Nxe3 31.Qxe3 Qxa2 32.Rc1 Bd5 33.Rc7 Qa1+ 34.Kf2 a5 35.Qc5 a4
36.Ra7 Bb3 37.Qe7 Rf8 38.Qd6 Qh1 39.h4 Qa1 40.Kg2 Qf6 41.Qc7 Rd8 42.Bb5 Bd1
43.Bc4 Bb3 44.Bb5 Bd1 45.Bc4 Bb3  1/2-1/2

[Event "New York Marshall-qual"]
[Site "New York"]
[Date "1995.??.??"]
[Round "4"]
[White "Vulicevic, Nenad"]
[Black "Hulse, Brian"]
[Result "1-0"]
[WhiteElo "2295"]
[BlackElo "2235"]

1.Nf3 d5 2.g3 Nf6 3.Bg2 g6 4.c4 c6 5.b3 Bg7 6.Bb2 O-O 7.O-O Nbd7 8.Qc2 Re8
9.d3 e5 10.cxd5 cxd5 11.Nc3 a6 12.Rac1 b5 13.e4 d4 14.Nb1 Bh6 15.Nbd2 Qe7
16.Qc7 Rb8 17.Qa7 Rb7 18.Qxa6 Nc5 19.Rxc5 Qxc5 20.Qxf6 Qc2 21.Bc1 Bg4 22.Qh4 Bxd2
23.Bxd2 Bxf3 24.Bh6 f6 25.Bxf3 g5 26.Qh5 Rbe7  1-0

[Event "New York op"]
[Site "New York"]
[Date "1995.??.??"]
[Round "8"]
[White "Schwartzman, Gabriel"]
[Black "Hodgson, Julian M"]
[Result "1-0"]
[WhiteElo "2495"]
[BlackElo "2615"]

1.Nf3 d5 2.g3 Bg4 3.Bg2 Nd7 4.O-O c6 5.d3 e6 6.Nbd2 Bd6 7.b3 Ne7 8.Bb2 O-O
9.e4 c5 10.Qe1 Nc6 11.a3 Re8 12.h3 Bh5 13.c4 Nde5 14.Qb1 Bxf3 15.Nxf3 dxc4
16.dxc4 Nxf3+ 17.Bxf3 Be5 18.Bxe5 Nxe5 19.Bg2 Re7 20.Rd1 Rd7 21.f4 Nc6 22.e5 Nd4
23.Kh2 a5 24.Qb2 h5 25.h4 Qb6 26.Rd2 Rad8 27.Rad1 Kf8 28.Kh3 Ke7 29.Rd3 Nf5
30.Rxd7+ Rxd7 31.Rxd7+ Kxd7 32.Bf3 g6 33.Qd2+ Ke7 34.Qd3 Nd4 35.Bd1 Qc6 36.Kh2 b5
37.b4 Qb6 38.cxb5 Nxb5 39.a4 Nd4 40.b5 Kf8 41.Qc4 Ke7 42.Bc2 Kd7 43.Be4 Kc7
44.Bg2 Qa7 45.Qd3 Kb6 46.Qe4 Kc7 47.Qd3 Kb6 48.Qe4 Qc7 49.Qa8 c4 50.Bf1 Kc5
51.Qf8+ Kb6 52.Bxc4 Nf5 53.Bd3 Ne3 54.Be2 Nd5 55.Qa8 Kc5 56.Qf8+ Kd4 57.Qa3 Qc2
58.Qf3 Qxa4 59.Qf2+ Ne3 60.f5 Qb3 61.fxg6 fxg6 62.Qf6 Kc5 63.Qf8+ Kd4 64.Qf4+ Kd5
65.Bf3+  1-0

[Event "JUG-chT"]
[Site "Nis"]
[Date "1995.??.??"]
[Round "?"]
[White "Vujadinovic, Goran"]
[Black "Certic, Branimir"]
[Result "1/2-1/2"]
[WhiteElo "2340"]
[BlackElo "2435"]

1.Nf3 d5 2.g3 c6 3.Bg2 Bg4 4.b3 Nd7 5.Bb2 f6 6.d4 e6 7.O-O Nh6 8.Nbd2 f5
9.c4 Nf7 10.Ne1 Bd6 11.Nd3  1/2-1/2

[Event "JUG-ch sf (Women)"]
[Site "Nis"]
[Date "1995.??.??"]
[Round "?"]
[White "Dimitrijevic, Dragana"]
[Black "Tomasevic, Tanja"]
[Result "0-1"]
[WhiteElo "2025"]
[BlackElo "2150"]

1.Nf3 d5 2.g3 Nf6 3.Bg2 e6 4.O-O Be7 5.d3 c5 6.Nbd2 Nc6 7.e4 Qc7 8.Re1 h6
9.h3 Bd7 10.Nf1 d4 11.c3 e5 12.cxd4 cxd4 13.a3 a5 14.Bd2 a4 15.Nh4 Qc8 16.Kh2 g5
17.Nf3 g4 18.Ng1 Na5 19.Rc1 Qb8 20.f3 gxh3 21.Bxh3 Nb3 22.Rc2 Nxd2 23.Nxd2 h5
24.Nc4 b5 25.Nd2 h4 26.g4 Nh7 27.Nf1 Bg5 28.Ne2 Qd6 29.Nd2 Qb6 30.Rf1 Bf4+
31.Kg2 Be3 32.Rh1 Be6  0-1

[Event "JUG-chT"]
[Site "Nis"]
[Date "1995.??.??"]
[Round "?"]
[White "Ilic, Slobodan"]
[Black "Cvetkovic, Srdjan"]
[Result "0-1"]
[WhiteElo "2250"]
[BlackElo "2425"]

1.Nf3 d5 2.g3 Nf6 3.Bg2 e6 4.O-O Be7 5.d4 O-O 6.c4 dxc4 7.Ne5 Nc6 8.Nxc6 bxc6
9.Bxc6 Rb8 10.Na3 Bxa3 11.bxa3 Bb7 12.Qa4 Bxc6 13.Qxc6 Qxd4 14.Be3 Qd5 15.Qxc7 Rb7
16.Qf4 c3 17.Bd4 Ne4 18.Qe3 c2 19.f3 Rd8 20.Bxa7 Nd2 21.Rfc1 Rb1 22.Kg2 Rxa1
23.Rxa1 Nb1  0-1

[Event "JUG-chT"]
[Site "Nis"]
[Date "1995.??.??"]
[Round "?"]
[White "Petronic, Jovan"]
[Black "Savanovic, Aleksandar"]
[Result "1-0"]
[WhiteElo "2450"]
[BlackElo "2340"]

1.Nf3 d5 2.g3 c6 3.Bg2 Nf6 4.O-O Bg4 5.d3 Nbd7 6.Nbd2 e5 7.h3 Bh5 8.e4 dxe4
9.dxe4 Bc5 10.Qe1 O-O 11.Nh4 Ne8 12.Bf3 Bg6 13.Qe2 Nd6 14.a4 a5 15.Nb3 Bb6
16.Rd1 Nc5 17.Nxc5 Bxc5 18.Nxg6 hxg6 19.h4 Qb6 20.h5 f6 21.Be3 Rad8 22.Rxd6  1-0

[Event "NLD-chT9596"]
[Site "?"]
[Date "1995.??.??"]
[Round "?"]
[White "Carlier, Bruno"]
[Black "Obers, Frits"]
[Result "1-0"]
[WhiteElo "2350"]
[BlackElo "2130"]

1.Nf3 d5 2.g3 Nf6 3.Bg2 c6 4.O-O Bf5 5.c4 e6 6.cxd5 cxd5 7.Qb3 Qc8 8.d3 Nc6
9.Bf4 Be7 10.Nc3 O-O 11.Rac1 Qd7 12.e4 Bg4 13.Ne5 Nxe5 14.Bxe5 dxe4 15.dxe4 Bh5
16.h3 a5 17.Na4 Be2 18.Nb6 a4 19.Qc3 Qb5 20.Nxa8 Rxa8 21.Bxf6 gxf6 22.Rfe1 Bb4
23.Qxf6 Bxe1 24.Rxe1 e5 25.Qg5+ Kf8 26.Qd2 Bc4 27.a3 Qb6 28.Rd1 Bb3 29.Rc1 Rd8
30.Qg5 Qd6 31.Rc3 h6 32.Qf5 Be6 33.Qh7 Bb3 34.Bf1 Qf6 35.Bd3 Be6 36.Bc4 Rd1+
37.Kg2 Bxc4 38.Rxc4 Rd2 39.Qf5 Qxf5 40.exf5 Rxb2 41.Rxa4 Ra2 42.f6  1-0

[Event "NOR-ch"]
[Site "?"]
[Date "1995.??.??"]
[Round "6"]
[White "Dannevig, Oystein"]
[Black "Grotnes, Nils"]
[Result "1-0"]
[WhiteElo "2335"]
[BlackElo "2325"]

1.Nf3 d5 2.g3 c6 3.Bg2 Bf5 4.b3 e6 5.Bb2 Nf6 6.O-O Nbd7 7.d3 Bc5 8.Nbd2 O-O
9.Qe1 h6 10.e4 dxe4 11.dxe4 Bh7 12.a3 Nb6 13.e5 Nfd7 14.Ne4 Be7 15.Rd1 Bxe4
16.Qxe4 Qc7 17.g4 Rfd8 18.h4 Nf8 19.Rde1 Rd7 20.Kh1 Rad8 21.h5 c5 22.g5 hxg5
23.Qg4 Nh7 24.Bc1 Rd5 25.Nxg5 Rxe5 26.Nxh7 Rxe1 27.Rxe1 Kxh7 28.Bb2 Bf6 29.Be4+ Kh6
30.Bxf6  1-0

[Event "NOR-ch"]
[Site "?"]
[Date "1995.??.??"]
[Round "8"]
[White "Dannevig, Oystein"]
[Black "Sorgjerd, Jan"]
[Result "1-0"]
[WhiteElo "2335"]
[BlackElo "2100"]

1.Nf3 d5 2.g3 c6 3.Bg2 Bg4 4.b3 Nd7 5.Bb2 Ngf6 6.O-O e6 7.d3 Bd6 8.Nbd2 O-O
9.h3 Bxf3 10.Bxf3 Qe7 11.a3 e5 12.e4 Rfe8 13.exd5 cxd5 14.Re1 Nb6 15.c4 Qd7
16.Bg2 a5 17.cxd5 Nfxd5 18.Nc4 f6 19.d4 e4 20.Bxe4 Bf8 21.Qf3 Re7 22.a4 Nxc4
23.Bxd5+  1-0

[Event "North Bay op"]
[Site "North Bay"]
[Date "1995.??.??"]
[Round "1"]
[White "Yermolinsky, Alex"]
[Black "Filipovich, David"]
[Result "1-0"]
[WhiteElo "2580"]
[BlackElo "2190"]

1.Nf3 d5 2.g3 c6 3.Bg2 Nf6 4.O-O Bg4 5.c4 e6 6.cxd5 exd5 7.d3 Nbd7 8.Nc3 Be7
9.Nd4 O-O 10.h3 Be6 11.e4 Re8 12.Nxe6 fxe6 13.f4 Nf8 14.Kh2 b5 15.b3 a5 16.Bb2 a4
17.bxa4 b4 18.Ne2 Qa5 19.Nd4 Rec8 20.f5 c5 21.Nxe6 c4 22.e5 c3 23.Bc1 N6d7
24.d4 Nxe6 25.fxe6 Nb6 26.Rf7 Qxa4 27.Qg4 Bf8 28.Bh6 Ra7 29.Bxg7  1-0

[Event "Noumea op"]
[Site "Noumea"]
[Date "1995.??.??"]
[Round "4"]
[White "Jamieson, Robert Murray"]
[Black "Rogers, Ian"]
[Result "1/2-1/2"]
[WhiteElo "2445"]
[BlackElo "2570"]

1.Nf3 d5 2.g3 c6 3.Bg2 Bg4 4.O-O Nd7 5.d3 Ngf6 6.Nbd2 e6 7.b3 Be7 8.Bb2 O-O
9.h3 Bh5 10.e4 a5 11.a4 Bb4 12.e5 Ne8 13.Qe2 Nc7 14.c3 Be7 15.d4 b5 16.axb5 cxb5
17.g4 Bg6 18.Ne1 a4 19.f4 f5 20.b4 Nb6 21.g5 Nc4 22.Nxc4 bxc4 23.Nc2 h6 24.h4 hxg5
25.hxg5 Kf7 26.Kf2 Rh8 27.Rh1 Qd7 28.Na3 Rag8 29.Bf3 Qe8 30.Kg3 Na8 31.Rag1 Nb6
32.Qd1 Rxh1 33.Rxh1 Rh8 34.Bc1 Qg8 35.Kg2 Rh7  1/2-1/2

[Event "Noumea op"]
[Site "Noumea"]
[Date "1995.??.??"]
[Round "5"]
[White "Johansen, Darryl K"]
[Black "Rogers, Ian"]
[Result "1/2-1/2"]
[WhiteElo "2500"]
[BlackElo "2570"]

1.Nf3 d5 2.g3 Nf6 3.Bg2 g6 4.c4 Bg7 5.cxd5 Nxd5 6.Nc3 Nb6 7.O-O O-O 8.d3 Nc6
9.Be3 e5 10.Qd2 Re8 11.Bh6 Bh8 12.Ne4 Ne7 13.Bg5 Nbd5 14.Qc2 Bg7 15.Nc3 c6
16.a3 h6 17.Bd2 Nc7 18.b4 Nf5 19.e4 Nd4 20.Nxd4 exd4 21.Ne2 Kh7 22.a4 a6
23.Rfe1 Bd7  1/2-1/2

[Event "Noumea op"]
[Site "Noumea"]
[Date "1995.??.??"]
[Round "6"]
[White "Jamieson, Robert Murray"]
[Black "Johansen, Darryl K"]
[Result "1/2-1/2"]
[WhiteElo "2445"]
[BlackElo "2500"]

1.Nf3 d5 2.g3 Nf6 3.Bg2 c6 4.O-O Bg4 5.b3 Nbd7 6.Bb2 e6 7.d3 Bd6 8.Nbd2 O-O
9.h3 Bh5 10.e4 e5 11.Qe1 Re8 12.Nh4 Qc7 13.Bf3 Bxf3 14.Nhxf3 Nf8 15.Kg2 a5
16.a4 Rad8 17.Qc1 Bb4 18.Re1 Ng6 19.c3 Bf8 20.Qc2 h5 21.c4 d4 22.c5 h4  1/2-1/2

[Event "JUG-ch"]
[Site "Novi Sad"]
[Date "1995.??.??"]
[Round "?"]
[White "Vukic, Milan"]
[Black "Tosic, Miroslav"]
[Result "0-1"]
[WhiteElo "2430"]
[BlackElo "2420"]

1.Nf3 d5 2.g3 c5 3.Bg2 Nc6 4.c4 d4 5.O-O e5 6.d3 f6 7.e4 Bg4 8.h3 Bh5 9.Na3 Bd6
10.Nc2 Nge7 11.Bd2 Qd7 12.a3 a5 13.Rb1 a4 14.b4 axb3 15.Rxb3 Ra7 16.Qe2 Bc7
17.Rb5 b6 18.Rb3 Nc8 19.g4 Bf7 20.Nh4 Nd8 21.g5 fxg5 22.Bxg5 Ne6 23.Bc1 Ne7
24.Bf3 h5 25.Nf5 Ng6 26.Qd1 Ngf4 27.Bxf4 Nxf4 28.Nxg7+ Kf8 29.Nf5 Be6 30.Ng3 Bxh3
31.Kh2 Qe7 32.Rh1 Bd8 33.Ne1 Qg5 34.Be2 h4 35.Nh5 Nxe2  0-1

[Event "JUG-ch"]
[Site "Novi Sad"]
[Date "1995.??.??"]
[Round "?"]
[White "Vukic, Milan"]
[Black "Barlov, Dragan"]
[Result "1/2-1/2"]
[WhiteElo "2430"]
[BlackElo "2485"]

1.Nf3 d5 2.g3 c6 3.Bg2 Bg4 4.b3 Nd7 5.Bb2 Ngf6 6.O-O e6 7.c4 Bd6 8.d4 O-O
9.Nbd2 Qe7 10.a3 e5 11.cxd5 cxd5 12.dxe5 Nxe5 13.h3 Bxf3 14.Nxf3 Rad8 15.e3 Nxf3+
16.Bxf3 Be5 17.Qe2 Rc8 18.Rfd1 Rfd8 19.Rac1 Rxc1 20.Rxc1 g6 21.Rd1 a6 22.h4 h5
23.Qc2 Kg7 24.Kg2 Rd7 25.Qb1 Kg8 26.Kg1 Qe6 27.Rc1 Rd8 28.Qa1 Bxb2 29.Qxb2 Qb6
30.Rd1 Rd6 31.Rd4 Qc7 32.Qd2 Rd7 33.Bxd5 Rxd5 34.Rxd5 Nxd5 35.Qxd5 Qc1+ 36.Kg2 Qxa3
37.Qxb7 a5 38.Qb5 Qe7 39.Qd5 Qb4 40.Kf3 Qb6 41.Ke2 Qa6+ 42.Qd3 Qc6 43.Qd1 Qa6+
44.Kd2 Qf6 45.Ke2 Qb2+ 46.Kf1 Qf6 47.Qc2 Kg7 48.Ke2 Kg8 49.Qc8+ Kg7 50.Qc4 Qb2+
51.Kf3 Kg8 52.e4 Qa1 53.Kf4 Qf6+ 54.Ke3 Qa1 55.Qc2 Qa3 56.Qc8+ Kg7 57.Qc4 Kg8
58.Kd3 Qa2 59.Qc8+ Kg7 60.Qc2 Qa3 61.Qc4 Kg8 62.Ke3 Qb2 63.Qd3 Kh7 64.f4 Qc1+
65.Ke2 Qb2+ 66.Kf3 Qc1 67.f5 gxf5 68.exf5 Qc6+ 69.Qe4 Qc3+ 70.Qe3 Qc6+ 71.Kf4  1/2-1/2

[Event "Novosibirsk"]
[Site "Novosibirsk"]
[Date "1995.??.??"]
[Round "4"]
[White "Goldin, Alexander"]
[Black "Rublevsky, Sergei"]
[Result "1/2-1/2"]
[WhiteElo "2585"]
[BlackElo "2595"]

1.Nf3 d5 2.g3 Nf6 3.Bg2 Bf5 4.c4 e6 5.Qb3 Na6 6.d3 Nc5 7.Qc2 c6 8.O-O h6
9.Be3 Ncd7 10.Qb3 Qc7 11.cxd5 exd5 12.Rc1 Be7 13.Nc3 Be6 14.Nb5 Qa5 15.Nbd4 Qa6
16.Nxe6 fxe6 17.d4 Ne4 18.Ne5 Nxe5 19.dxe5 Ng5 20.Qc2 Kf7 21.f4 Ne4 22.Bxe4 dxe4
23.Qc4 Qxc4 24.Rxc4 Rhd8 25.Rxe4 b5 26.a4 a6 27.Rc1 Rac8 28.Bc5 Bxc5+ 29.Rxc5 Rd5
30.Rc2 c5 31.axb5 axb5 32.Re3 Rd1+ 33.Kf2 c4 34.b3 Rb1 35.Rcc3 g5 36.bxc4 b4
37.Rb3 gxf4 38.gxf4 Rxb3 39.Rxb3 Rxc4 40.Kf3 Kg6 41.e4 Kh5 42.h3 Kh4 43.f5 exf5
44.Kf4 fxe4 45.Kf5 e3 46.Rxe3 Rc3 47.Re4+ Kxh3 48.Rxb4 h5 49.e6 h4 50.Rd4 Rc8
51.Rd3+ Kg2  1/2-1/2

[Event "Novosibirsk"]
[Site "Novosibirsk"]
[Date "1995.??.??"]
[Round "8"]
[White "Goldin, Alexander"]
[Black "Kharlov, Andrei"]
[Result "0-1"]
[WhiteElo "2585"]
[BlackElo "2555"]

1.Nf3 d5 2.g3 Bg4 3.Bg2 c6 4.c4 Nd7 5.cxd5 cxd5 6.Nc3 Ngf6 7.Qb3 e6 8.d4 Qb6
9.Qxb6 Nxb6 10.Ne5 Bb4 11.Bd2 Ke7 12.h3 Bf5 13.g4 Bg6 14.h4 h5 15.g5 Ne8
16.e4 Bxc3 17.Bxc3 Nd6 18.exd5 Nxd5 19.Bxd5 exd5 20.O-O Nc4 21.Rae1 Nxe5
22.Rxe5+ Kd6 23.Bb4+ Kc6 24.Rc1+ Kb5 25.Bd6 Be4 26.Re7 b6 27.Rxf7 g6 28.f3 Bf5
29.Kf2 Rac8 30.Rcc7 Rxc7 31.Bxc7 Bb1 32.f4 Bf5 33.Ke3 Re8+ 34.Kd2 Re6 35.Be5 Rc6
36.Rxa7 Rc2+ 37.Ke3 Rxb2 38.Bd6 Rh2 39.a4+ Kc4 40.Rc7+ Kb3 41.Rc6 Kxa4 42.Rxb6 Rxh4
43.Rb4+ Ka5 44.Rb7 Rh2 45.Kf3 Ka6 46.Rb8 h4 47.Ra8+ Kb5 48.Ra1 Rd2 49.Be5 Rd3+
50.Kf2 h3 51.Rg1 Rc3 52.Bb8 Kc6 53.Be5 Kd7 54.Bb8 Ke8 55.Be5 Kf7 56.Bb8 Ke6
57.Be5 Rd3 58.Rh1 Rd2+ 59.Kg1 Rd1+ 60.Kh2 Rd3 61.Rg1 Rd2+ 62.Kg3 Kd7 63.Bf6 Kc6
64.Be5 Kb5 65.Bf6 Kc4 66.Be5 Kd3 67.Bf6 Ke2 68.Ra1 Rd3+ 69.Kh2 Kf2 70.Be5 Rd2  0-1

[Event "CZE-ch"]
[Site "Olomouc"]
[Date "1995.??.??"]
[Round "?"]
[White "Meduna, Eduard"]
[Black "Mokry, Karel"]
[Result "1/2-1/2"]
[WhiteElo "2480"]
[BlackElo "2525"]

1.Nf3 d5 2.g3 Nf6 3.Bg2 c6 4.O-O Bf5 5.b3 e6 6.Bb2 Be7 7.d3 h6 8.c4 O-O 9.Nbd2 Bh7
10.Qc2 Nbd7 11.a3  1/2-1/2

[Event "CZE-ch"]
[Site "Olomouc"]
[Date "1995.??.??"]
[Round "?"]
[White "Gross, Stefan"]
[Black "Cech, Pavel"]
[Result "1/2-1/2"]
[WhiteElo "2370"]
[BlackElo "2360"]

1.Nf3 d5 2.g3 Nf6 3.Bg2 e6 4.O-O Be7 5.d3 O-O 6.Nbd2 Nbd7 7.e4 dxe4 8.dxe4 e5
9.Qe2 c6 10.Rd1 Qc7 11.b3 a5 12.Bb2 b6 13.Nc4 Ba6 14.Bf1 Rfe8 15.Nfxe5 Nxe5
16.Bxe5 Qxe5 17.Nxe5 Bxe2 18.Bxe2 Bc5 19.Nd7 Nxe4 20.Nxc5 Nxc5 21.Bf3 Re6
22.Re1 Rf6 23.Kg2 Kf8 24.Rad1  1/2-1/2

[Event "Komercni Banka op"]
[Site "Olomouc"]
[Date "1995.??.??"]
[Round "6"]
[White "Divis, Josef"]
[Black "Krejci, Jakub"]
[Result "1-0"]
[WhiteElo "2240"]
[BlackElo "2070"]

1.Nf3 d5 2.g3 c5 3.Bg2 g6 4.O-O Bg7 5.d3 e6 6.c3 Ne7 7.Bf4 Nbc6 8.Qc1 h5
9.h3 e5 10.Bd2 Bf5 11.Re1 Qd7 12.Kh2 e4 13.dxe4 dxe4 14.Nh4 Be5 15.Bf4 O-O-O
16.Bxe5 Nxe5 17.Na3 Qd2 18.b3 a6 19.Kg1 Qxc1 20.Raxc1 Rd2 21.Rc2 Rxc2 22.Nxc2 Rd8
23.Rc1 Rd2 24.Kf1 Be6 25.Ke1 Rxc2 26.Rxc2 g5 27.f4 Nd3+ 28.exd3 exd3 29.Rd2 gxh4
30.Rxd3 hxg3 31.Rxg3 Ng6 32.Rf3 Nh4 33.Rf2 Nxg2+ 34.Rxg2 Bxh3 35.Rg5 c4 36.Rxh5 cxb3
37.axb3 Be6 38.b4 Kc7 39.Kd2 Kd6 40.Kd3 Kc6 41.Kd4 Kd6 42.Rh6 Kd7 43.Kc5 Kc7
44.Rf6 b6+ 45.Kd4 a5 46.bxa5 bxa5 47.Kc5 a4 48.Kb4 Bb3 49.c4  1-0